Normal view
MARC view
- أحمد شوقي، 1868 - 1932
Entry Personal Name
001 - CONTROL NUMBER
- control field: 59384
003 - CONTROL NUMBER IDENTIFIER
- control field: JO-AjAnu
005 - DATE AND TIME OF LATEST TRANSACTION
- control field: 20230606083718.0
008 - FIXED-LENGTH DATA ELEMENTS
- fixed length control field: 230606|| aca||aabn | a|a d
040 ## - CATALOGING SOURCE
- Original cataloging agency: JO-AjAnu
- Transcribing agency: JO-AjAnu
100 ## - HEADING--PERSONAL NAME
- Personal name: أحمد شوقي، 1868 - 1932
670 ## - SOURCE DATA FOUND
- Source citation: Work cat.: (JO-AjAnu)30288: أحمد شوقي، 1868 - 1932, author, الشوقيات : المراثي، مج2 ج3-4